Ako môžu firmy pomáhať, ak majú na to
Firemná filantropia ako jeden zo spôsobov, ako môže firma pomôcť svojej komunite a spoločnosti. Formy darcovstva. Prečo pomáhať. Sponzoring nie je filantropia.
Saved in:
| Main Author: | |
|---|---|
| Format: | Book Chapter |
| Language: | Slovak |
| Subjects: | |
| Tags: |
No Tags, Be the first to tag this record!
|
MARC
| LEADER | 00000naa a2200000 4500 | ||
|---|---|---|---|
| 001 | 0223718 | ||
| 005 | 20231113084028.8 | ||
| 041 | 0 | |a slo | |
| 044 | |a SK | ||
| 245 | 1 | 0 | |a Ako môžu firmy pomáhať, ak majú na to |c Štefánia Kačalková |
| 520 | |a Firemná filantropia ako jeden zo spôsobov, ako môže firma pomôcť svojej komunite a spoločnosti. Formy darcovstva. Prečo pomáhať. Sponzoring nie je filantropia. | ||
| 610 | 2 | 0 | |a filantropia |
| 610 | 2 | 0 | |a dary |
| 610 | 2 | 0 | |a zmluvy darovacie |
| 610 | 2 | 0 | |a nadácie |
| 610 | 2 | 0 | |a firmy |
| 610 | 2 | 0 | |a organizácie |
| 610 | 2 | 0 | |a sponzorovanie |
| 100 | 1 | |a Kačalková, Štefánia | |